000 00511nam a2200181Ia 4500
008 090123s9999 xx 000 0 und d
082 _b37180
100 _aकप्तान संजय
245 _aकलम कसाई
250 _a0
260 _bदेशमुख आणि मंडळी
300 _a138
600 _aकप्तान संजय
630 _aकलम कसाई
700 _aकप्तान संजय
730 _aकलम कसाई
942 _cBOOK
999 _c75247
_d75247